Öğrenci kıyımı (Record no. 8037)

MARC details
000 -BAŞLIK
Sabit Uzunlukta Kontrol Alanı 00903na a2200265 4500
001 - KONTROL NUMARASI
Denetim Alanı 20159
003 - KONTROL NUMARASI IDENTIFIER
Denetim Alanı MIRAKIL
005 - SON İŞLEM TARİHİ VE ZAMANI
Denetim Alanı 20181213155157.0
008 - SABİT-BOY VERİ ELEMANLARI - GENEL BİLGİLER
Sabit Uzunlukta Kontrol Alanı 170105b tu 000 0
035 ## - SİSTEM KONTROL NUMARASI
Sistem Kontrol Numarası 20159
040 ## - KATALOGLAMA KAYNAK
Orijinal Kataloglama Ajansı Milas
Kataloglama Dili tur
Metne Dönüştürmek Ajansı TR-AnCHP
041 ## - DİL KODU
Metin / Ses Parça Veya Ayrı Başlığın Dil Kodu tur
082 ## - DEWEY ONLU SINIFLANDIRMA NUMARASI
Sınıflandırma Numarası 378.1981
Ürün Numarası D35ö 1985
090 ## - SINIFLAMA NUMARASI
Sınıflama Numarası 378.1981 D35ö 1985
100 ## - ANA GİRİŞ - KİŞİSEL İSİM
Kişisel Ad Demirci, Selim
245 ## - BAŞLIK TABLOSU
Başlık Öğrenci kıyımı
Sorumluluk Tablosu, Vb Selim Demirci
260 ## - YAYIN, DAĞITIM, VB
Yayın, Dağıtım, Vb Yeri İstanbul
Yayıncı, Dağıtıcı, Vs Adı Yarın Yayınları
Yayın, Dağıtım, Vb Tarihi 1985
300 ## - FİZİKSEL TANIM
Kapsam 38 s.
Diğer Fiziksel Ayrıntıları res.
Boyutlar 20 sm.
500 ## - GENEL NOT
Genel Not Dış kapakta koşut yapıt adı: Gelecekleri yok edilen onbinlerce üniversite öğrencisinin öyküsü
650 ## - KONU KATMA GİRİŞ - TOPİKAL DÖNEM
Topikal Süreli Veya Coğrafi Ad Giriş Elemanı Üniversiteler
Genel Alt Bölümü Öğrenciler
Kronolojik Alt Bölümü Hukuk ve mevuzat
650 ## - KONU KATMA GİRİŞ - TOPİKAL DÖNEM
Topikal Süreli Veya Coğrafi Ad Giriş Elemanı Toplumsal sorunlar
Genel Alt Bölümü Üniversite öğrencileri
650 ## - KONU KATMA GİRİŞ - TOPİKAL DÖNEM
Topikal Süreli Veya Coğrafi Ad Giriş Elemanı Öğrenciler
Genel Alt Bölümü Siyaset ve yönetim
740 ## - KATMA GİRİŞ - KONTROLSUZ İLGİLİ / ANALİTİK BAŞLIK
Kontrol Edilmeyen / İlgili Analitik Başlıktaki Gelecekleri yok edilen onbinlerce üniversite öğrencisinin öyküsü
942 ## - EKLENDİ GİRİŞ ELEMANLARI (KOHA)
Sınıflandırma Veya Raf Düzeni Kaynak Dewey Decimal Classification
Koha Öğesi Türü Books
999 ## - SİSTEM KONTROL NUMARALARI (KOHA)
Koha Biblionumber 8037
Koha Biblioitemnumber 8037
Holdings
Kalıcı Konum Mevcut Konum Edinme Tarihi Edinim Kaynak Toplam Check-Out'Lar Tam Çağrı Numarası Barkod Tarih Son Görülme İtibaren Geçerli Fiyatlar Koha Öğesi Türü
CHP Kütüphanesi CHP Kütüphanesi 01/05/2017 Bağış   378.1981 D35ö 1985 010931 01/05/2017 01/05/2017 Books